000 00339nam a2200121Ia 4500
005 20251222144910.0
008 251222s9999||||xx |||||||||||||| ||spa||
082 _a330.985/B24/Ej.2
100 _aBardella, Gianfranco
245 0 _aUn Siglo en la Vida Económica del Perú: 1889-1989
264 _bBanco de Crédito del Perú
942 _cLIB
999 _c22325
_d22325